The Oxford dictionary of plays /
| Κύριος συγγραφέας: | |
|---|---|
| Μορφή: | Βιβλίο |
| Γλώσσα: | English |
| Έκδοση: |
Oxford ; New York :
Oxford University Press,
c2005.
|
| Θέματα: | |
| Διαθέσιμο Online: | Table of contents only Publisher description Contributor biographical information |
| LEADER | 01309cam a22002777i 4500 | ||
|---|---|---|---|
| 001 | 13744746 | ||
| 005 | 20210117210231.0 | ||
| 008 | 161101s2005 enk f bd 001 0 eng d | ||
| 010 | |a 2004023698 | ||
| 020 | |a 0198604173 | ||
| 020 | |a 9780198604174 | ||
| 040 | |a DLC |b gre |c DLC |d DLC |d GR-PaULI |e AACR2 | ||
| 082 | 0 | 4 | |a 792.03 |2 23 |
| 100 | 1 | |a Patterson, Michael. |9 157941 |e συγγραφέας | |
| 245 | 1 | 4 | |a The Oxford dictionary of plays / |c Michael Patterson. |
| 260 | |a Oxford ; |a New York : |b Oxford University Press, |c c2005. | ||
| 300 | |a xxxv, 523 σ. ; |c 24 εκ. | ||
| 504 | |a Περιλαμβάνει βιβλιογραφια και ευρετήριο. | ||
| 650 | 4 | |a Δράμα |9 157922 |x Εγκυκλοπαίδειες και λεξικά | |
| 856 | 4 | 1 | |3 Table of contents only |u http://www.loc.gov/catdir/toc/ecip052/2004023698.html |
| 856 | 4 | 2 | |3 Publisher description |u http://www.loc.gov/catdir/enhancements/fy0636/2004023698-d.html |
| 856 | 4 | 2 | |3 Contributor biographical information |u http://www.loc.gov/catdir/enhancements/fy0723/2004023698-b.html |
| 942 | |2 ddc |c BKN | ||
| 952 | |0 0 |1 0 |2 ddc |4 0 |6 R_792_030000000000000_PAT |7 1 |9 206971 |a THST |b THST |d 2016-11-01 |i 007777 |l 0 |o R 792.03 PAT |p 025000138403 |r 2016-11-01 00:00:00 |t 1 |v 2016.00 |w 2016-11-01 |y BKN | ||
| 998 | |c ΜΑΝΙΑ |d 2016-11 | ||
| 999 | |c 125851 |d 125851 | ||